Normal view
MARC view
- Asher Nadeem Syed
Entry Personal Name
001 - CONTROL NUMBER
- control field: 21067
003 - CONTROL NUMBER IDENTIFIER
- control field: NUST
005 - DATE AND TIME OF LATEST TRANSACTION
- control field: 20190923104706.0
008 - FIXED-LENGTH DATA ELEMENTS
- fixed length control field: 190923|| aca||aabn | a|a d
040 ## - CATALOGING SOURCE
- Original cataloging agency: NUST
- Transcribing agency: NUST
100 ## - HEADING--PERSONAL NAME
- Personal name: Asher Nadeem Syed
670 ## - SOURCE DATA FOUND
- Source citation: Work cat.: (NUST)401543: Asher Nadeem Syed, Darya, 1991
